000 00811cab a2200265 4500
001 ABS56660
008 090401t1997 xxu||||| |||| 00| 0 eng d
035 _a(Sirsi) u77358
041 _aeng
100 _aAmbrose, J.
245 _aArt criminals at work
260 _c1997
350 _a0
490 _aValuer (ISVA)
_v66(2) March/April 1997, 19(1)
520 _aLooks at art theft, the second most serious national crime, and how auction houses can avoid dealing in stolen goods. The magazine "Trace" runs a database which can help auctioneers identify stolen works of art.
650 _aART THEFT
650 _aAUCTIONEERS
650 _aDEALERS
650 _aFINE ARTS
650 _aSTOLEN GOODS
650 _aTRACE
690 _aAuctioneering
_96218
942 _n0
948 _c25/03/1997
999 _c48635
_d48635